| 000 | 00396nam a2200157Ia 4500 | ||
|---|---|---|---|
| 003 | GCL | ||
| 008 | 140319s9999 xx 000 0 eng d | ||
| 040 |
_aGCL / _cGCL |
||
| 082 | 0 | 4 |
_a709.04071 _bH T |
| 100 | 1 | _aHUNTER, SAM | |
| 245 | 1 | 0 |
_aTOM WESSELMANN / _cHUNTER, SAM |
| 260 |
_a[S.N] : _bACADEMY EDITIONS ، _c1994 |
||
| 650 | 0 | 4 | _aPOP ART |
| 650 | 0 | 4 | _aWEAAELMANN, TOM 1931 |
| 942 |
_2ddc _cBK |
||
| 999 |
_c11078 _d11078 |
||